00000000nas 2200000zi 4500
0019.515930
003CaOODSP
00520250609135714
006m     o  d f      
007cr cn ||||||||
008150406d20132014oncar p os   f0   b0fre|d
022 |a2368-9722
040 |aCaOODSP|bfre|erda|cCaOODSP
043 |an-cn---
0861 |aCi1-8/9F-PDF
222 0|aCanada faits et chiffres, aperçu de l'immigration. Résidents permanents
24500|aCanada faits et chiffres, aperçu de l'immigration. |pRésidents permanents.
264 1|a[Ottawa] : |bCitoyenneté et immigration Canada = Citizenship and Immigration Canada, |c[2014-2015]
310 |aAnnuel
336 |atexte|btxt|2rdacontent/fre
337 |ainformatique|bc|2rdamedia/fre
338 |aressource en ligne|bcr|2rdacarrier/fre
3621 |aParaît depuis : 2013; ne paraît plus après : 2014.
500 |aPublié aussi en anglais sous le titre : Canada facts and figures, immigrant overview. Permanent residents.
550 |aProduit par Recherche et évaluation, Citoyenneté et immigration Canada.
588 |aDescription d'après : 2013; titre de la page couverture du fichier PDF.
588 |aDernière livraison consultée : 2014.
651 6|aCanada|xÉmigration et immigration|vStatistiques|vPériodiques.
655 7|aPériodiques|2rvmgf
655 7|aStatistiques|2rvmgf
7101 |aCanada. |bCitoyenneté et immigration Canada. |bDirection générale de la recherche et de l'évaluation, |eorganisme de publication.
77508|tCanada facts and figures, immigrant overview. |w(CaOODSP)9.512569
78000|tFaits et chiffres ..., aperçu de l'immigration|w(CaOODSP)9.502222